000 00565nac a22001931u 4500
082 _a530
_bNAY
090 _c6317
_d6317
100 _aNayak, Abhijit
245 _aEngineering physics/
_bAbhijit Nayak
260 _aNew Delhi:
_bS. K. Kataria & Sons, 2004
_c2004
300 _a662p.:
_bill.;
_c22 cm.
500 _adistributer: Al-Ahram
511 _acatalogued by: wessam
650 _aPhysics.
942 _cBB
_k530NAY
_hRDA-MOD
999 _c6317
_d6317
336 _2rdacontent
_atext
_btxt
337 _aunmediated
_2rdamedia
_bn
338 _avolume
_bnc
_2rdacarrier